| 000 | 00000nam 2200000zi 4500 |
| 001 | 9.907469 |
| 003 | CaOODSP |
| 005 | 20230922091103 |
| 006 | m o d f |
| 007 | cr |n||||||||| |
| 008 | 220131s2016 onca o f|0| 0 fre d |
| 040 | |aCaOODSP|bfre|erda|cCaOODSP |
| 043 | |an-cn--- |
| 086 | 1 |aR5-778/2016F-PDF |
| 245 | 00|aAvez-vous un testament? |
| 264 | 1|a[Ottawa] : |bAffaires autochtones et du Nord Canada = Indigenous and Northern Affairs Canada, |c[2016] |
| 300 | |a1 ressource en ligne (1 page) : |billustrations |
| 336 | |atexte|btxt|2rdacontent/fre |
| 337 | |ainformatique|bc|2rdamedia/fre |
| 338 | |aressource en ligne|bcr|2rdacarrier/fre |
| 500 | |aPublié aussi en anglais sous le titre : Do you have a will? |
| 500 | |aTitre de départ. |
| 650 | 6|aPlanification successorale|zCanada. |
| 710 | 1 |aCanada. |bAffaires autochtones et du Nord Canada, |eorganisme de publication. |
| 775 | 08|tDo you have a will?|w(CaOODSP)9.904827 |
| 794 | |tAvez-vous un testament?|w(CaOODSP)9.925405 |
| 856 | 40|qPDF|s621 Ko|uhttps://publications.gc.ca/collections/collection_2022/rcaanc-cirnac/R5-778-2016-fra.pdf |